| 000 | 00000nam##2200000za#4500 |
| 001 | 9.571184 |
| 003 | CaOODSP |
| 005 | 20210624182611 |
| 007 | cr ||||||||||| |
| 008 | 150406|1993||||xxc|||||o f|0| 0 eng|d |
| 040 | |aCaOODSP|beng |
| 043 | |an-cn--- |
| 086 | 1 |aEn1-17/5-1993E-PDF |
| 110 | 1 |aCanada.|bEnvironment Canada. |bTechnology Development Section. |
| 245 | 10|aIndustrial wastewater. Mobile prototype of a rotary press for dewatering industrial sludges |h[electronic resource] |
| 260 | |aMontreal - Quebec : |bEnvironment Canada. |cFebruary 1993. |
| 300 | |a5p.|bfigs. (some coloured), table, photographs |
| 490 | 1 |aSt. Lawrence technologies |
| 500 | |aThe catalogue number (En1-17/5-1993E), ISSN (1188-8903) and ISBN (0-662-20381-X) for the print edition have been incorrectly copied in this electronic publication. |
| 590 | |a12-02-Supp|b2012-01-20 |
| 690 | 07|aIndustrial waste|2gcpds |
| 690 | 07|aWaste management|2gcpds |
| 690 | 07|aWaste water|2gcpds |
| 690 | 07|aWater management|2gcpds |
| 775 | 08|tEaux usées industrielles. Prototype mobile de pressoir rotatif pour la déshydratation des boues industrielles |w(CaOODSP)9.601817 |
| 776 | 0#|tIndustrial wastewater: mobile prototype of a rotary press for dewatering industrial sludges / |w(CaOODSP)9.608726 |
| 830 | #0|aSt. Lawrence technologies.|w(CaOODSP)9.504441 |
| 856 | 40|ahttp://publications.gc.ca|qPDF|s458 KB|uhttps://publications.gc.ca/collections/Collection/En1-17-5-1993E.pdf |